| 000 | 00946nac a22003137a 4500 | ||
|---|---|---|---|
| 001 | BR0706666 | ||
| 003 | BR-BrBNA | ||
| 005 | 20240105123516.0 | ||
| 008 | 230509b bl.|||m| |||| 00| 0 por d | ||
| 040 |
_aBR-BrBNA _bpor _cBiblioteca Nacional de Agricultura |
||
| 072 | _aF01 | ||
| 090 | _a1930 BR0706666 | ||
| 100 | 1 | _aAlmeida, J. de | |
| 100 | 1 | _aMendonça, J.B. de | |
| 110 | 1 | _aSecretaria da Agricultura, Irrigação e Reforma Agrária, Salvador, BA (Brasil) | |
| 245 | 1 | _aCapim buffel (Cenchrus ciliares L.) | |
| 260 | 3 |
_aSalvador, BA (Brasil): _c2006. |
|
| 300 | _a2 p. | ||
| 490 |
_aEBDA Informa (Brazil) _vno. 84 _x |
||
| 650 | _aCAPIM BUFFEL | ||
| 650 | _aCENCHRUS CILIARES | ||
| 650 | _aGRAMÍNEA FORRAGEIRA | ||
| 650 | _aVARIEDADE | ||
| 650 | _aPRÁTICA CULTURAL | ||
| 650 | _aMANEJO DO SOLO | ||
| 650 | _aCARACTERISTICAS AGRONÔMICAS | ||
| 909 |
_a202312 _bLúcia Elande _c55 _dLúcia Elande |
||
| 942 |
_2AGRIS _n0 _cMS |
||
| 999 |
_c295785 _d295785 |
||